[Event "ESP-ch U12"]
[Site "Granada"]
[Date "2016.07.04"]
[Round "1"]
[White "Lin, Ying Rui"]
[Black "Sancho Martinez, Alicia"]
[Result "1-0"]
[WhiteElo "1901"]
[BlackElo "1343"]
[PlyCount "29"]
[EventDate "2016.07.04"]
[EventType "swiss"]
[EventRounds "9"]
[EventCountry "ESP"]
[SourceTitle "EXT 2024"]
[Source "ChessBase"]
[SourceDate "2023.10.10"]
[SourceVersion "1"]
[SourceVersionDate "2023.10.10"]
[SourceQuality "1"]

1. d4 d5 2. Nf3 Nf6 3. Bf4 e6 4. e3 Be7 5. Bd3 Nbd7 6. Nbd2 0-0 7. Ne5 Bd6 8. Qf3 Nb6 9. g4 Re8 10. g5 Nfd7 11. Bxh7+ Kxh7 12. Qh5+ Kg8 13. Nxf7 Qe7 14. g6 Kf8 15. Qh8# 1-0